|
|
|
|
| LEADER |
00000cam a2200000 a 4500 |
| 001 |
vtls008314739 |
| 003 |
SK-MaSNL |
| 005 |
20260311122335.0 |
| 008 |
230403s1961 xo er 000 0 hun |
| 015 |
|
|
|a SNBA1962/02-00171
|
| 020 |
|
|
|q (brožované)
|
| 035 |
|
|
|a SK01SNK19620006956
|
| 035 |
|
|
|a urn:nbn:sk:snk-am3iibw
|
| 035 |
|
|
|a 6A2D4013-A981-4141-847B-658CB43D3F13
|
| 035 |
|
|
|a urn:nbn:sk:snk-am00ekbn
|
| 035 |
|
|
|a SKM000009419
|
| 040 |
|
|
|a SNK
|b slo
|c SNK
|e AACR2
|
| 041 |
0 |
|
|a hun
|
| 043 |
|
|
|a e-ur---
|a e-xo---
|a e-xr---
|
| 044 |
|
|
|a xo
|c SK
|
| 080 |
|
|
|a 329.15
|2 2011
|
| 080 |
|
|
|a 32-043.86
|2 2011
|
| 080 |
|
|
|a (062.13)
|2 2011
|
| 080 |
|
|
|a 323
|2 2011
|
| 080 |
|
|
|a (47+57)
|2 2011
|
| 080 |
|
|
|a (041)
|2 2011
|
| 080 |
|
|
|a (437)
|2 2011
|
| 110 |
2 |
|
|a Kommunističeskaja partija Sovetskogo Sojuza.
|b Sjezd
|n (22. :
|d 1961:
|c Moskva, Rusko)
|4 aut
|9 124251
|
| 245 |
1 |
2 |
|a A pártszervezetek taggyűlésein az SZKP 22. kongresszusának eredményeiről s a pártunk munkájára vonatkozó következtetésekről elhangzó beszámaló tervezete
|
| 260 |
|
|
|a Bratislava
|b SZLKP Központi Bizottsága
|c 1961
|e Bratislava
|f Pravda
|
| 300 |
|
|
|a 15 strán
|c 21 cm
|
| 610 |
2 |
7 |
|a Kommunističeskaja partija Sovetskogo Sojuza
|2 SNKKA
|9 50548
|
| 610 |
2 |
7 |
|a Komunistická strana Československa
|2 SNKKA
|9 32256
|
| 650 |
0 |
7 |
|a komunistické strany
|2 SNKPH
|9 3597
|
| 650 |
0 |
7 |
|a politický vývoj
|2 SNKPH
|9 67276
|
| 650 |
0 |
7 |
|a vnútorná politika
|2 SNKPH
|9 970
|
| 651 |
|
7 |
|a Sovietsky zväz
|2 SNKPHgeo
|9 22126
|
| 651 |
|
7 |
|a Československo
|2 SNKPHgeo
|9 21376
|
| 655 |
|
7 |
|a stanovy
|2 SNKPH
|9 70547
|
| 852 |
|
|
|a Slovenská národná knižnica
|
| 954 |
|
|
|a odborná, vedecká literatúra cudzojazyčná (svetová)
|2 lita
|
| 958 |
|
|
|a TL
|
| 958 |
|
|
|a RK
|
| 958 |
|
|
|a BQ
|
| 958 |
|
|
|a OND
|
| 958 |
|
|
|a EUIPO
|
| 999 |
|
|
|c 588908
|d 590838
|
| 952 |
|
|
|a SNK
|b SNK
|y PREZ
|7 0
|p 17A0841949
|o snkSC 16053
|i snkKSP 40/62
|0 0
|1 0
|4 0
|d 2020-08-06
|f 1
|l 0
|r 2025-07-18 00:00:00
|w 2026-02-23
|